Conceptual cost estimating manual

保存先:
書誌詳細
第一著者: Page, John S. (著者)
フォーマット: 図書
言語:英語
出版事項: Houston GPP 1996
版:2a. ed
主題:
タグ: タグ追加
タグなし, このレコードへの初めてのタグを付けませんか!

MARC

LEADER 00000nam a2200000 a 4500
001 UCJ0957
003 CL-VaPUC
008 060929e19960000US |||||||||||||||||eng|d
020 |a 0884152677 
082 0 4 |a 690.54  |b PAG  |2 21 
100 |a Page, John S.  |e author  |9 501460 
245 1 0 |a Conceptual cost estimating manual 
250 |a 2a. ed 
300 |a 326 p 
942 |c BK 
945 |d 20060929 00:00:00  |a cmena 
260 |a Houston  |b GPP  |c 1996 
650 7 |a INDUSTRIAS QUIMICAS  |2 CL-VaPUC  |9 263925 
650 0 |a Diseño y construcción  |9 260862 
650 0 |a Manuales  |9 257144 
650 0 |a Costos   |9 261063 
583 |a last modification  |c 20140409 04:09:09  |k Rodrigo Vera 
999 |c 317692  |d 317690 
952 |0 0  |1 0  |2 ddc  |4 0  |6 690_540000000000000_PAG_1996  |7 0  |8 A  |9 394564  |a BIBING  |b BIBING  |c RES  |d 2019-11-22  |i 4281578  |o 690.54 PAG 1996  |p 4281578  |r 2025-01-20  |w 2019-11-22  |y BK  |k EIB